• 首页
  • 本馆介绍
  • 公告通知
  • 最新文献
  • 馆藏检索
  • 电子资源
  • 读者导购
  • 参考咨询
  • 我的图书馆
  • 登录
  • 详细信息显示
  • 放入我的书架
  • 预约/预借图书
  • 作者相关作品
  • 分类相关作品
  • 丛书相关作品
  • 出版社相关作品

书目信息

  • 表格格式
  • 工作单格式
  • 卡片格式
题名:
1978年上海市数学会论文选编
    
 
作者: ;上海市数学会 主编
分册:  
出版信息: 上海   上海科学技术文献出版社  1980
页数: 88页
开本: 25cm
丛书名:
单 册:
中图分类: O1-53
科图分类:
主题词: 数学--文集
电子资源:
ISBN:
000 00699nam0 2200229 45
001 0180005215
005 20060704165856.17
010    @dCNY0.75
091    @a13192-13
100    @a19950503d1980 emky0chiy0121 ea
101 0  @achi
102    @aCN@b310000
105    @ay z 000yy
200 10 @a1978年上海市数学会论文选编@A1978 nian shang hai shi shu xue hui lun wen xuan bian@f上海市数学会主编@Fshang hai shi shu xue hui zhu bian
210    @a上海@c上海科学技术文献出版社@d1980
215    @a88页@d25cm
606    @a数学@x文集
690    @aO1-53@v3
711 02 @a上海市数学会@Ashang hai shi shu xue hui@4主编
801  2 @aCN@bNLC@c20060704
801  0 @aCN@bTSSF
905    @a10447@dO1-53@e92/1978
    
    1978年上海市数学会论文选编/上海市数学会主编.-上海:上海科学技术文献出版社,1980
    88页;25cm
    
    
    ISBN :CNY0.75
    
●
相关链接 在E读中查询图书 在五车中查询图书 在当当中查询图书 在豆瓣中查询图书


正题名:1978年上海市数学会论文选编     索取号:O1-53/92/1978         预约/预借

序号 登录号 条形码 馆藏地/架位号 状态 备注
1 0074251   202302249   密集书库/ [索取号:O1-53/92/1978] 在馆    
2 0074252   202302329   密集书库/ [索取号:O1-53/92/1978] 在馆    
3 0074253   202302169   密集书库/ [索取号:O1-53/92/1978] 在馆    
4 0074254   202302203   密集书库/ [索取号:O1-53/92/1978] 在馆    
5 0074255   202302285   密集书库/ [索取号:O1-53/92/1978] 在馆    
唐山师范学院图书馆 欢迎您!
大连网信软件有限公司© 版权所有